| 000 | 00535nam a2200157 i 4500 | ||
|---|---|---|---|
| 001 | 57297 | ||
| 003 | ES-MaACL | ||
| 005 | 20230906163541.0 | ||
| 007 | t| | ||
| 008 | 031015s1946 sp ||||1| spa d | ||
| 100 | 1 |
_aDomenech Lafuente, Ángel. _945094 |
|
| 245 | 1 | 0 |
_aDel territorio de Ifni _b: algunos de sus aspectos / _cAngel Domenech Lafuente. |
| 260 |
_aMadrid : _b[Gobierno del Africa Occidental española], _c1946 ( _fSelecciones Gráficas) |
||
| 300 |
_a260 p., 2 lám. : _bil. ; _c20 cm. |
||
| 852 |
_aES-MaACL _jC-4869 _bR.25548 |
||
| 999 |
_c57297 _d57297 |
||